Statistics for Current city-states

Click here to take the quiz!

General Stats

  • This quiz has been taken 25 times
  • The average score is 11 of 17

Answer Stats

TypeCountryCity-State% Correct
City-state memberAustriaVienna
96%
City-state memberGermanyBerlin
92%
City-state memberRussiaMoscow
92%
City-state memberRussiaSaint Petersburg
92%
Autonomous cityArgentinaBuenos Aires
88%
Autonomous cityChinaHong Kong
83%
Autonomous cityUKLondon/Greater London
83%
Autonomous cityBelgiumBrussels
79%
City-state memberGermanyHamburg
79%
City-state memberMexicoMexico city
79%
Autonomous cityChinaMacau
63%
City-state memberSwitzerlandBasel
58%
City-state memberGermanyBremen
42%
Autonomous citySpainCeuta
42%
Autonomous citySpainMelilla
33%
Autonomous cityUKGibraltar
29%
City-state memberRussiaSevastopol
8%

Score Distribution

Percentile by Number Answered

Percent of People with Each Score

Your Score History

You have not taken this quiz